00559nam a22001457a 4500003000400000082001800004100001600022245016600038260004400204300000800248650001700256942001200273952011100285999001700396SGT a617.643bA25Y aYadav, Renu aAssessment of antimicrobial properties of clear aligners and essix retainers coated with Nitrogen doped Zinc oxide mutans and candida albicansbAn In Vitro study aGurugram, HaryanabSGT Universityc2025 a126 aOrthodontics 2ddccTH 00102ddc405171aFDbFDd2025-07-14iSGTUl0o617.643 A25YpDT2259r2025-07-14 00:00:00w2025-07-14yTH c32113d32113